| 000 | 00752cab a2200205 4500 | ||
|---|---|---|---|
| 001 | ABS38620 | ||
| 008 | 090401t1987 xxu||||| |||| 00| 0 eng d | ||
| 035 | _a(Sirsi) u11532 | ||
| 041 | _aeng | ||
| 100 | _aBurns, A. | ||
| 245 | _aExpert witness III | ||
| 260 | _c1987 | ||
| 350 | _a0 | ||
| 490 |
_aChartered Quantity Surveyor _v10(4) December 1987, 26(1) |
||
| 520 | _aLast in a series of three articles which assess the role of the QS as an expert witness in construction disputes. Concentrates on his place at the hearing and how he should plan his workload to cope with that. (See Abstracts 38320 and 38464). | ||
| 690 | _aMANAGEMENT-BUSINESS MANAGEMENT-PROFESSIONAL PRACTICE | ||
| 700 | _aMusgrave, R. | ||
| 942 | _n0 | ||
| 948 | _c04/03/1997 | ||
| 999 |
_c7354 _d7354 |
||